Reexamining reentry: the policies, people, and programs of the United States prisoner reintegration systems
| 1. VerfasserIn: | |
|---|---|
| Beteiligte: | ; |
| Medienart: | Druck Buch |
| Sprache: | Englisch |
| Veröffentlicht: |
Lanham, Maryland
Lexington Books
2016
|
| In: | Jahr: 2016 |
| Online-Zugang: |
Inhaltsverzeichnis Klappentext (Verlag) |
| Bestand in Tübingen: | In Tübingen vorhanden. UB: KB 20 A 8602 |
| Verfügbarkeit prüfen: | HBZ Gateway |
| Subito Bestelldienst: | Jetzt bestellen. |
| Schlagwörter: |
MARC
| LEADER | 00000cam a2200000 c 4500 | ||
|---|---|---|---|
| 001 | 1623325579 | ||
| 003 | DE-627 | ||
| 005 | 20251225202704.0 | ||
| 007 | tu | ||
| 008 | 170208s2016 xxu||||| 00| ||eng c | ||
| 010 | |a 2016046150 | ||
| 020 | |a 9780739192023 |c cloth |9 978-0-7391-9202-3 | ||
| 020 | |a 9781498549561 |c pbk |9 978-1-4985-4956-1 | ||
| 035 | |a (DE-627)1623325579 | ||
| 035 | |a (DE-576)483254193 | ||
| 035 | |a (DE-599)BSZ483254193 | ||
| 035 | |a (OCoLC)974500930 | ||
| 040 | |a DE-627 |b ger |c DE-627 |e rda | ||
| 041 | |a eng | ||
| 044 | |c XD-US | ||
| 050 | 0 | |a HV9304 | |
| 082 | 0 | |a 365.6630973 | |
| 084 | |a 2,1 |2 ssgn | ||
| 100 | 1 | |a West, Rolanda J. |d 1975- |e VerfasserIn |0 (DE-588)1021952915 |0 (DE-627)715842544 |0 (DE-576)364376724 |4 aut | |
| 109 | |a West, Rolanda J. 1975- | ||
| 245 | 1 | 0 | |a Reexamining reentry |b the policies, people, and programs of the United States prisoner reintegration systems |c by Rolanda J. West ; contribution by Imani West-Abdallah ; foreword by Kaia Niambi Shivers |
| 264 | 1 | |a Lanham, Maryland |b Lexington Books |c 2016 | |
| 300 | |a xv, 167 Seiten | ||
| 336 | |a Text |b txt |2 rdacontent | ||
| 337 | |a ohne Hilfsmittel zu benutzen |b n |2 rdamedia | ||
| 338 | |a Band |b nc |2 rdacarrier | ||
| 500 | |a Hier auch später erschienene, unveränderte Nachdrucke | ||
| 583 | 1 | |a Archivierung/Langzeitarchivierung gewährleistet |f SSG |x XA-DE-BW |2 pdager |5 DE-21 | |
| 650 | 0 | |a Criminals |x Rehabilitation |x United States | |
| 650 | 0 | |a Prisoners |x Government policy |x United States | |
| 689 | 0 | 0 | |d g |0 (DE-588)4078704-7 |0 (DE-627)106076612 |0 (DE-576)209209682 |a USA |2 gnd |
| 689 | 0 | 1 | |d s |0 (DE-588)4057786-7 |0 (DE-627)10454080X |0 (DE-576)209123702 |a Strafentlassener |2 gnd |
| 689 | 0 | 2 | |d s |0 (DE-588)4128233-4 |0 (DE-627)105718823 |0 (DE-576)209600365 |a Resozialisierung |2 gnd |
| 689 | 0 | |5 (DE-627) | |
| 700 | 1 | |a West-Abdallah, Imani |e VerfasserIn von Zusatztexten |0 (DE-588)1127757555 |0 (DE-627)882211145 |0 (DE-576)485372355 |4 wat | |
| 700 | 1 | |a Niambi Shivers, Kaia |e VerfasserIn eines Vorworts |4 wpr | |
| 856 | 4 | 2 | |u https://swbplus.bsz-bw.de/bsz483254193inh.htm |m B:DE-576;DE-21 |q application/pdf |v 20170321135547 |x Verlag |3 Inhaltsverzeichnis |7 1 |
| 856 | 4 | 2 | |u https://swbplus.bsz-bw.de/bsz483254193kla.htm |m B:DE-576;DE-21 |q application/pdf |v 20170321135547 |x Verlag |3 Klappentext |7 1 |
| 951 | |a BO | ||
| ELC | |b 1 | ||
| LOK | |0 000 xxxxxcx a22 zn 4500 | ||
| LOK | |0 001 325031305X | ||
| LOK | |0 003 DE-627 | ||
| LOK | |0 004 1623325579 | ||
| LOK | |0 005 20170316103850 | ||
| LOK | |0 008 170208||||||||||||||||ger||||||| | ||
| LOK | |0 040 |a DE-21 |c DE-627 |d DE-21 | ||
| LOK | |0 852 |a DE-21 | ||
| LOK | |0 852 1 |c KB 20 A 8602 |9 00 | ||
| LOK | |0 935 |a krim | ||
| LOK | |0 938 |a 1703 |f 34 | ||
| LOK | |0 939 |a 08-02-17 |b l01 | ||
| LOK | |0 000 xxxxxcx a22 zn 4500 | ||
| LOK | |0 001 3490478541 | ||
| LOK | |0 003 DE-627 | ||
| LOK | |0 004 1623325579 | ||
| LOK | |0 005 20190904090839 | ||
| LOK | |0 008 190702||||||||||||||||ger||||||| | ||
| LOK | |0 040 |a DE-Frei85 |c DE-627 |d DE-Frei85 | ||
| LOK | |0 852 |a DE-Frei85 | ||
| LOK | |0 852 1 |m p |9 00 | ||
| LOK | |0 938 |k p | ||
| LOK | |0 939 |a 02-07-19 |b l01 | ||
| ORI | |a SA-MARC-krimdoka001.raw | ||
| SIG | |a UB: KB 20 A 8602 | ||
